Human Nutrition / (Record no. 16337)
[ view plain ]
| 000 -LEADER | |
|---|---|
| fixed length control field | 01274nam a22002657a 4500 |
| 008 - FIXED-LENGTH DATA ELEMENTS--GENERAL INFORMATION | |
| fixed length control field | 111221s2011 xxu|||||r|||| 001 0deng d |
| 020 ## - INTERNATIONAL STANDARD BOOK NUMBER | |
| International Standard Book Number | 0702031186 |
| 020 ## - INTERNATIONAL STANDARD BOOK NUMBER | |
| International Standard Book Number | 9780702031182 |
| 082 ## - DEWEY DECIMAL CLASSIFICATION NUMBER | |
| Edition number | 22 |
| Classification number | 613.2 |
| Item number | HUM |
| 245 ## - TITLE STATEMENT | |
| Title | Human Nutrition / |
| Statement of responsibility, etc | Edited by Catherine A. Geissler and Hilary J. Powers |
| 250 ## - EDITION STATEMENT | |
| Edition statement | 12th ed. |
| 260 ## - PUBLICATION, DISTRIBUTION, ETC. (IMPRINT) | |
| Place of publication, distribution, etc | Edinburgh : |
| Name of publisher, distributor, etc | Churchill Livingstone, |
| Date of publication, distribution, etc | 2011 |
| 300 ## - PHYSICAL DESCRIPTION | |
| Extent | xi, 778 p. : |
| Other physical details | ill. ; |
| Dimensions | 22 cm. |
| 504 ## - BIBLIOGRAPHY, ETC. NOTE | |
| Bibliography, etc | Includes bibliographical references and index |
| 650 ## - SUBJECT ADDED ENTRY--TOPICAL TERM | |
| 9 (RLIN) | 19370 |
| Topical term or geographic name as entry element | Nutrition. |
| 650 ## - SUBJECT ADDED ENTRY--TOPICAL TERM | |
| 9 (RLIN) | 28211 |
| Topical term or geographic name as entry element | Nutrition disorders |
| 650 ## - SUBJECT ADDED ENTRY--TOPICAL TERM | |
| 9 (RLIN) | 20992 |
| Topical term or geographic name as entry element | Diet therapy. |
| 653 ## - INDEX TERM--UNCONTROLLED | |
| Resource For college | |
| Arrived date list | December2011 |
| 700 ## - ADDED ENTRY--PERSONAL NAME | |
| 9 (RLIN) | 28209 |
| Personal name | Geissler, Catherine A. |
| 700 ## - ADDED ENTRY--PERSONAL NAME | |
| 9 (RLIN) | 28210 |
| Personal name | Powers, Hilary J. |
| 856 ## - ELECTRONIC LOCATION AND ACCESS | |
| Materials specified | Activate your eBook |
| Uniform Resource Identifier | <a href="http://www.vitalsource.com/software/evolve-ebooks">http://www.vitalsource.com/software/evolve-ebooks</a> |
| Public note | For obtaining access code, please call the Library on Ext. 1372 |
| 942 ## - ADDED ENTRY ELEMENTS (KOHA) | |
| Source of classification or shelving scheme | Dewey Decimal Classification |
| Item type | |
| Withdrawn status | Item status | Source of classification or shelving scheme | Damaged status | Not for loan | Vendor | Home library | Current library | Shelving location | Date acquired | Source of acquisition | Cost, normal purchase price | Serial Enumeration / chronology | Total Checkouts | Total Renewals | Full call number | Barcode | Date last seen | Date last borrowed | Koha item type | Materials specified (bound volume or other part) |
|---|---|---|---|---|---|---|---|---|---|---|---|---|---|---|---|---|---|---|---|---|
| Dewey Decimal Classification | Osiris | Central Library | Central Library | First floor | 21/12/2011 | 580.00 | 11602 | 17 | 44 | 613.2 HUM | 000025861 | 15/07/2025 | 13/11/2021 | Book - Borrowing | ||||||
| Lost | Dewey Decimal Classification | Osiris | Central Library | Central Library | First floor | 21/12/2011 | 580.00 | 11602 | 8 | 613.2 HUM | 000025862 | 05/03/2014 | 05/03/2014 | NB - Book (Non borrowing) | Lost In Inventory_2015-8-23 |